Normal view
MARC view
- . مؤلف/الزيود،نادر فهمي مترجم David،Geldard
Entry Personal Name
001 - CONTROL NUMBER
- control field: 28574
003 - CONTROL NUMBER IDENTIFIER
- control field: JO-AjAnu
005 - DATE AND TIME OF LATEST TRANSACTION
- control field: 20230606074836.0
008 - FIXED-LENGTH DATA ELEMENTS
- fixed length control field: 230606|| aca||aabn | a|a d
040 ## - CATALOGING SOURCE
- Original cataloging agency: JO-AjAnu
- Transcribing agency: JO-AjAnu
100 ## - HEADING--PERSONAL NAME
- Personal name: . مؤلف/الزيود،نادر فهمي مترجم David،Geldard
670 ## - SOURCE DATA FOUND
- Source citation: Work cat.: (JO-AjAnu)14668: . مؤلف/الزيود،نادر فهمي مترجم David،Geldard, author, الدليل العملي للمرشدين النفسيين والتربويين:أساسيات الإرشاد الفردي